| 000 | 00374 a2200145 4500 | ||
|---|---|---|---|
| 005 | 20250627100001.0 | ||
| 020 | _a0-07-248748-8 | ||
| 082 | _a337 PUG | ||
| 100 | _aPUGEL, A. T | ||
| 245 | _aInternational Economics | ||
| 250 | _a12th Ed. | ||
| 260 |
_aBoston _bMcGraw-Hill Irwin _c2004. |
||
| 300 |
_ax,776p.: ill.; figures, tables _bIndex, Refrences _c24cm |
||
| 942 |
_2ddc _cBKS |
||
| 999 |
_c5586 _d5586 |
||